000 00872cam a2200217 i 4500
999 _c3886
_d3886
001 000851065
003 OSt
005 20241118104408.0
008 180927r20161939enka j b 000 f eng d
020 _a9780603570759
040 _aNLE
_beng
_cNTL
_dNTL
_dKH8
_eaacr2r
042 _anbic
082 0 _a823.912 BLY
100 1 _aBlyton, Enid
_eauthor.
245 1 4 _aThe enchanted wood /
_cEnid Blyton ; illustrations by Mark Beech.
260 _aLondon :
_bEgmont UK Limited,
_cc2016.
300 _a1 volume :
_billustrations (colour) ;
_c20 cm.
520 _a"When Joe, Beth and Frannie move to the country, they are thrilled to find an Enchanted Wood with a particularly amazing tree on their doorstep. Join the children as they discover magical new lands and friends at the top of the Magic Faraway Tree!"--Back cover.
650 0 _aChildren's stories.
942 _2ddc
_cFIC